[Event "10th American Continental"]
[Site "Montevideo URU"]
[Date "2015.05.17"]
[Round "3.25"]
[White "Lujan, Carolina"]
[Black "Rodriguez, Paulo Virgilio Rios"]
[Result "1-0"]
[WhiteTitle "IM"]
[WhiteElo "2353"]
[BlackElo "2072"]
[WhiteFideId "109878"]
[BlackFideId "2108267"]
[EventDate "2015.05.15"]
[EventType "swiss"]

1. e4 c5 2. Nf3 Nc6 3. g3 g6 4. Bg2 Bg7 5. O-O e6 6. Re1 Nge7 7. c3 d6 8. d4 O-O
9. Na3 b6 10. Be3 Bb7 11. Qd2 Re8 12. Rad1 a6 13. Bh6 Bh8 14. dxc5 dxc5 15. Qf4
Qb8 16. Qh4 e5 17. Nc4 Qc7 18. Bg5 Rad8 19. Bf6 Bxf6 20. Qxf6 Rxd1 21. Rxd1 Nc8
22. Ne3 Re6 23. Qh4 f6 24. Bh3 Rd6 25. Nd5 Qd8 26. Nd2 b5 27. Nb3 c4 28. Nc5 Na5
29. Nxb7 Nxb7 30. Bxc8 Nc5 31. Bh3 1-0

[Event "10th American Continental"]
[Site "Montevideo URU"]
[Date "2015.05.17"]
[Round "3.26"]
[White "Moreira, Marcelo"]
[Black "Van Riemsdijk, Herman C."]
[Result "1/2-1/2"]
[BlackTitle "IM"]
[WhiteElo "2077"]
[BlackElo "2352"]
[WhiteFideId "3003043"]
[BlackFideId "2100053"]
[EventDate "2015.05.15"]
[EventType "swiss"]

1. e4 c5 2. Nc3 Nc6 3. f4 g6 4. Nf3 Bg7 5. Bb5 Nd4 6. O-O e6 7. e5 Ne7 8. Nxd4
cxd4 9. Ne4 O-O 10. b3 d5 11. Nf2 f6 12. exf6 Rxf6 13. Ng4 Rf7 14. Bd3 Nc6 15.
Bb2 Bd7 16. Qe2 Qc7 17. g3 a6 18. a3 Re8 19. Qg2 e5 20. Nxe5 Nxe5 21. fxe5 Rxf1+
22. Rxf1 Qxe5 23. a4 Qh5 24. Qf3 Qxf3 25. Rxf3 Re1+ 26. Rf1 Rxf1+ 27. Kxf1 1/2-1/2

[Event "10th American Continental"]
[Site "Montevideo URU"]
[Date "2015.05.17"]
[Round "3.27"]
[White "Disconzi da Silva, Rodrigo"]
[Black "Carbone, Diego"]
[Result "1-0"]
[WhiteTitle "IM"]
[BlackTitle "CM"]
[WhiteElo "2339"]
[BlackElo "2052"]
[WhiteFideId "2100991"]
[BlackFideId "3002179"]
[EventDate "2015.05.15"]
[EventType "swiss"]

1. Nf3 Nf6 2. c4 e6 3. Nc3 c5 4. g3 d5 5. cxd5 exd5 6. d4 Nc6 7. Bg2 Be7 8. O-O
O-O 9. dxc5 Bxc5 10. Na4 Be7 11. Be3 Ne4 12. Rc1 Bf6 13. Nd4 Bd7 14. Nc5 Nxd4
15. Bxd4 Bc6 16. Nb3 Re8 17. Bxf6 Qxf6 18. Qd4 Qf5 19. Qd3 Nd6 20. Qxf5 Nxf5 21.
Bh3 Nd6 22. Nd4 Nb5 23. Nxc6 bxc6 24. e3 Rad8 25. Rxc6 d4 26. a4 dxe3 27. fxe3
Nd6 28. Rd1 Ne4 29. Rd4 g6 30. Bg2 Ng5 31. h4 Ne6 32. Rxd8 Rxd8 33. Ra6 Rd1+ 34.
Kh2 Rb1 35. Rxa7 Rxb2 36. a5 Nc5 37. Kh3 Nd3 38. Bd5 Nf2+ 39. Kg2 Nd1+ 40. Kg1
Nxe3 41. Bxf7+ Kf8 42. Be6 h5 43. a6 Rb6 44. Ba2 Rb2 45. Rf7+ Ke8 46. Rf2 Rb6
47. a7 Ra6 48. Bf7+ Ke7 49. Ra2 1-0

[Event "10th American Continental"]
[Site "Montevideo URU"]
[Date "2015.05.17"]
[Round "3.28"]
[White "Arias Bouzada, Jorge URU"]
[Black "Barros Rivadeneira, Cristhian"]
[Result "0-1"]
[WhiteTitle "CM"]
[BlackTitle "IM"]
[WhiteElo "2070"]
[BlackElo "2335"]
[WhiteFideId "3000389"]
[BlackFideId "3609677"]
[EventDate "2015.05.15"]
[EventType "swiss"]

1. c4 Nf6 2. Nc3 g6 3. d4 Bg7 4. e4 d6 5. Nf3 O-O 6. Be2 e5 7. O-O Nc6 8. d5 Ne7
9. Ne1 Ne8 10. Be3 f5 11. f3 f4 12. Bf2 g5 13. Nd3 h5 14. c5 Ng6 15. Rc1 Rf7 16.
Nb5 Bd7 17. c6 bxc6 18. dxc6 Be6 19. Nb4 a6 20. Nc3 Bh6 21. Rc2 Qc8 22. Na4 g4
23. Bc4 Nf6 24. Nd5 Nxd5 25. Bxd5 Ne7 26. Bxe6 Qxe6 27. Nc3 Rg7 28. fxg4 hxg4
29. Qd3 Kh7 30. Nd5 Nxd5 31. exd5+ Qg6 32. Qxg6+ Kxg6 33. Rc4 Re7 34. Re1 Kf5
35. Bh4 Ree8 36. Rb4 e4 37. Rb7 Rac8 38. Kf1 Bg7 39. b4 Rh8 40. g3 f3 41. b5
axb5 42. Rxb5 Rhe8 43. Rb4 Bc3 0-1

[Event "10th American Continental"]
[Site "Montevideo URU"]
[Date "2015.05.17"]
[Round "3.29"]
[White "Larrea, Manuel"]
[Black "Izquierdo, Sebastian"]
[Result "1/2-1/2"]
[WhiteTitle "FM"]
[WhiteElo "2327"]
[BlackElo "2040"]
[WhiteFideId "3000508"]
[BlackFideId "3001610"]
[EventDate "2015.05.15"]
[EventType "swiss"]

1. e4 d5 2. exd5 Nf6 3. c4 c6 4. d4 cxd5 5. Nc3 e6 6. Nf3 Be7 7. cxd5 Nxd5 8.
Bd3 O-O 9. O-O Nc6 10. a3 Nxc3 11. bxc3 Bf6 12. Qe2 Qa5 13. Bd2 Rd8 14. Rfe1 g6
15. Qe4 Qf5 16. Qe3 Qh5 17. Rab1 Qd5 18. h4 Qd6 19. h5 b6 20. hxg6 hxg6 21. Qh6
Qf8 22. Qf4 Qe7 23. Be4 Bb7 24. d5 e5 25. Qh6 Bg7 26. Qh3 Na5 27. Bh6 Bxh6 28.
Qxh6 Qf8 29. Qg5 Bxd5 30. Nxe5 Bxe4 31. Rxe4 Rd5 32. Qf4 Rad8 33. Rbe1 Rd1 34.
g4 Rxe1+ 35. Rxe1 Re8 36. Re3 Re6 37. g5 Qe7 38. a4 Nb3 39. Ng4 Rxe3 40. fxe3
Nc5 41. Nf6+ Kg7 42. Qd4 Kf8 43. a5 Ne6 44. Qd5 Nc7 45. Qd4 Ne6 46. Qh4 Qd8 47.
axb6 axb6 48. c4 Qd1+ 49. Kf2 Qd2+ 50. Kf3 Qd1+ 1/2-1/2

[Event "10th American Continental"]
[Site "Montevideo URU"]
[Date "2015.05.17"]
[Round "3.30"]
[White "Kimelman, Gabriel"]
[Black "Acosta, Pablo Ismael"]
[Result "0-1"]
[WhiteTitle "CM"]
[BlackTitle "IM"]
[WhiteElo "2067"]
[BlackElo "2320"]
[WhiteFideId "3003035"]
[BlackFideId "124311"]
[EventDate "2015.05.15"]
[EventType "swiss"]

1. c4 c5 2. Nc3 g6 3. g3 Bg7 4. Bg2 Nc6 5. Nf3 Nf6 6. d4 cxd4 7. Nxd4 O-O 8. O-O
Nxd4 9. Qxd4 d6 10. Qd2 Be6 11. Nd5 Rc8 12. Qb4 Nxd5 13. cxd5 Bd7 14. Qxb7 Rc7
15. Qb4 Qb8 16. Qh4 Re8 17. Bh6 Bxh6 18. Qxh6 Qxb2 19. Bf3 Rc2 20. Qe3 Qb6 21.
Qd3 Qc5 22. Rfb1 Bh3 23. Be4 Rc3 24. Qd2 Rc4 25. Bf3 Kg7 26. Qb2+ f6 27. Qb7 h5
28. Bg2 Bf5 29. Rd1 h4 30. Qb2 hxg3 31. hxg3 Rc2 32. Qd4 Rc8 33. e3 Qxd4 34.
Rxd4 Rb2 35. e4 Bd7 36. Rd3 Rcc2 37. Ra3 Rxf2 38. Bf1 Bg4 39. Rxa7 Kf7 40. Ra3
g5 41. Re3 Bf3 42. a4 g4 43. a5 Rh2 44. Rxf3 gxf3 45. a6 Ra2 46. Rb1 Rhb2 47.
Rc1 Kg6 48. Rc3 Rb1 49. Rxf3 Rxa6 50. Kf2 Ra2+ 51. Ke3 Ra3+ 52. Bd3 Rbb3 53. Kd4
Kg5 54. Rf5+ Kg4 55. Bc4 Rb1 56. Bf1 Rb4+ 57. Bc4 Raa4 0-1

[Event "10th American Continental"]
[Site "Montevideo URU"]
[Date "2015.05.17"]
[Round "3.31"]
[White "Pereira, Silvio Cunha"]
[Black "Pinero, Ismael"]
[Result "1-0"]
[WhiteTitle "FM"]
[BlackTitle "CM"]
[WhiteElo "2284"]
[BlackElo "2013"]
[WhiteFideId "2100703"]
[BlackFideId "3004244"]
[EventDate "2015.05.15"]
[EventType "swiss"]

1. e4 c5 2. Nf3 Nc6 3. d4 cxd4 4. Nxd4 Nf6 5. Nc3 e5 6. Ndb5 d6 7. Bg5 a6 8.
Bxf6 gxf6 9. Na3 b5 10. Nd5 f5 11. c3 Bg7 12. Bd3 Be6 13. Qh5 Rb8 14. Nc2 Bxd5
15. exd5 Ne7 16. Bxf5 Nxf5 17. Qxf5 a5 18. a3 O-O 19. O-O Qe7 20. Rfe1 Qb7 21.
Rad1 Rfc8 22. Re4 Rc4 23. Ne3 Rxe4 24. Qxe4 b4 25. cxb4 axb4 26. Nf5 Bf8 27. Rd3
bxa3 28. Qg4+ Kh8 29. Rg3 1-0

[Event "10th American Continental"]
[Site "Montevideo URU"]
[Date "2015.05.17"]
[Round "3.32"]
[White "Beckerman, M."]
[Black "Valenzuela Gomez, Fernando"]
[Result "1-0"]
[WhiteElo "2025"]
[BlackElo "2282"]
[WhiteFideId "109070"]
[BlackFideId "3409392"]
[EventDate "2015.05.15"]
[EventType "swiss"]

1. e4 c5 2. g3 Nc6 3. Bg2 g6 4. Ne2 Bg7 5. c3 d6 6. Na3 h5 7. Nc2 h4 8. d4 Bg4
9. Qd3 Rc8 10. f4 Bxe2 11. Kxe2 cxd4 12. Bh3 e6 13. cxd4 hxg3 14. hxg3 Qb6 15.
d5 Nce7 16. dxe6 fxe6 17. Rb1 Qc6 18. Ne3 Nf6 19. Bg2 Rxh1 20. Bxh1 Nf5 21. exf5
Qxh1 22. fxe6 Ne4 23. Nc4 Rc6 24. Bd2 Nxg3+ 25. Qxg3 Qxb1 26. Ne3 Bd4 27. f5
Bxe3 28. Qxg6+ Kd8 29. Qf7 Kc8 30. e7 1-0

[Event "10th American Continental"]
[Site "Montevideo URU"]
[Date "2015.05.17"]
[Round "3.33"]
[White "Muniz, Rafael"]
[Black "Moccero, Eduardo"]
[Result "1-0"]
[WhiteElo "2281"]
[BlackElo "2004"]
[WhiteFideId "3000486"]
[BlackFideId "103373"]
[EventDate "2015.05.15"]
[EventType "swiss"]

1. e4 d5 2. exd5 Qxd5 3. Nc3 Qa5 4. Bc4 c6 5. d3 Nf6 6. Bd2 Bg4 7. f3 Bf5 8. g4
Bg6 9. Qe2 e6 10. f4 Be7 11. O-O-O Qc7 12. Re1 b5 13. Nxb5 cxb5 14. Bxb5+ Nc6
15. Qf3 Rc8 16. f5 O-O 17. Qxc6 Qd8 18. Qf3 exf5 19. gxf5 Qc7 20. Bc4 Bh5 21.
Qg2 Rfd8 22. Nh3 Rd4 23. Kb1 Rg4 24. Qf1 Bd6 25. Nf2 Rh4 26. Bg5 Rxc4 27. dxc4
Nd5 28. cxd5 Qxc2+ 29. Ka1 Ba3 30. Qb5 Be2 31. Rxe2 1-0

[Event "10th American Continental"]
[Site "Montevideo URU"]
[Date "2015.05.17"]
[Round "3.34"]
[White "Sabas, Jorge"]
[Black "Muzzi, Eduardo"]
[Result "1/2-1/2"]
[WhiteTitle "FM"]
[BlackTitle "CM"]
[WhiteElo "2254"]
[BlackElo "1987"]
[WhiteFideId "101877"]
[BlackFideId "3001253"]
[EventDate "2015.05.15"]
[EventType "swiss"]

1. d4 Nf6 2. c4 c5 3. d5 b5 4. cxb5 a6 5. f3 axb5 6. e4 Qa5+ 7. Bd2 b4 8. Na3 d6
9. Nc4 Qc7 10. Bd3 g6 11. Ne2 Bg7 12. O-O O-O 13. a3 bxa3 14. Rxa3 Rxa3 15. bxa3
Nbd7 16. Qc2 Ba6 17. Bc3 Ra8 18. Ra1 Nb6 19. Nxb6 Qxb6 20. Bxa6 Rxa6 21. a4 Nd7
22. Rb1 Qa7 23. Bxg7 Kxg7 24. Nc3 c4+ 25. Qf2 Nc5 26. Rb4 Rb6 27. Rxc4 Rb2 28.
Qd4+ f6 29. h3 Rc2 30. Kh2 Qa6 31. Nb5 Rxc4 32. Qxc4 Qxa4 33. Qe2 Qb4 34. h4 Nb3
35. Nc7 Nc5 36. Kg3 Qc3 37. Kh3 Qe5 38. Qc2 f5 39. exf5 gxf5 40. Qd2 h6 41. g3
Kg6 42. Nb5 Nb3 43. Qd1 Qe3 44. Kg2 h5 45. Nc7 Nd4 46. Qf1 f4 47. gxf4 Qxf4 48.
Qf2 Nf5 49. Kh3 Nd4 50. Kg2 Nf5 51. Kh3 Nd4 1/2-1/2

[Event "10th American Continental"]
[Site "Montevideo URU"]
[Date "2015.05.17"]
[Round "3.35"]
[White "Garcia La Rosa, Lorena Estefania"]
[Black "Curi, Gabriel"]
[Result "0-1"]
[WhiteTitle "WCM"]
[BlackTitle "FM"]
[WhiteElo "2017"]
[BlackElo "2253"]
[WhiteFideId "3901262"]
[BlackFideId "3000400"]
[EventDate "2015.05.15"]
[EventType "swiss"]

1. c4 c6 2. b3 d5 3. Bb2 d4 4. Nf3 c5 5. d3 Nc6 6. e4 e5 7. g3 f6 8. Bg2 Be6 9.
O-O Nge7 10. h3 Qd7 11. Kh2 g5 12. Bc1 Ng6 13. Ng1 h5 14. Bd2 Bd6 15. Na3 h4 16.
g4 O-O 17. Nc2 a6 18. Rb1 b5 19. a3 Rfb8 20. Nf3 Qd8 21. Qe2 Ra7 22. Rfc1 Rab7
23. Qe1 Be7 24. Bf1 bxc4 25. bxc4 Rb2 26. Na1 Qb6 27. Rxb2 Qxb2 28. Nc2 Bd8 29.
Be2 Ba5 30. Bxa5 Nxa5 31. Nd2 Qb6 32. Rb1 Qc7 33. Na1 Nf4 34. Bf1 Bd7 35. Nf3
Rxb1 36. Qxb1 Ba4 37. Ne1 Qb7 38. Qxb7 Nxb7 39. Ng2 Ng6 40. Be2 Nd8 41. Bf3 Kf8
42. Be2 Ke7 43. Ne1 Kd6 44. Nf3 Nf4 45. Bf1 Nc6 46. Ne1 Kc7 47. Kg1 Kb6 48. f3
Ka5 49. Kf2 Bd1 50. Ng2 Nxg2 51. Bxg2 Ka4 52. Ke1 Bb3 53. Kd2 Kxa3 54. Bf1 Kb2
55. Nxb3 Kxb3 56. Be2 Kb2 57. Bd1 Nd8 0-1

[Event "10th American Continental"]
[Site "Montevideo URU"]
[Date "2015.05.17"]
[Round "3.36"]
[White "Borgeaud Fuentes, Oscar"]
[Black "Pardo, Alejandro"]
[Result "1-0"]
[WhiteElo "2003"]
[BlackElo "2247"]
[WhiteFideId "3409325"]
[BlackFideId "4402880"]
[EventDate "2015.05.15"]
[EventType "swiss"]

1. d4 Nf6 2. c4 c5 3. d5 e5 4. Nc3 d6 5. e4 Be7 6. h3 Nbd7 7. Nge2 Nf8 8. g3 Ng6
9. Bg2 O-O 10. O-O Ne8 11. Be3 Bg5 12. Qd2 h6 13. f4 exf4 14. Nxf4 Ne5 15. b3
Bd7 16. Rae1 a6 17. Nd3 b5 18. Nxe5 dxe5 19. Bxg5 hxg5 20. Qe3 b4 21. Nd1 Rc8
22. Nb2 f6 23. Nd3 Qc7 24. h4 gxh4 25. gxh4 Kf7 26. Qg3 Ke7 27. Rd1 Qd6 28. Ra1
Rh8 29. a3 a5 30. axb4 cxb4 31. Qf2 a4 32. c5 Qa6 33. Nxb4 Qb5 34. c6 Qxb4 35.
cxd7 Kxd7 36. Bh3+ Kd8 37. Bxc8 Kxc8 38. Rxa4 Qxb3 39. Ra8+ Kd7 40. Ra7+ Kd8 41.
Rxg7 Nxg7 42. Qxf6+ Kc8 43. Rc1+ Kb8 44. Qxe5+ Ka8 45. Ra1+ Kb7 46. Qxg7+ Kb6
47. Qa7+ Kb5 48. Qa5+ Kc4 49. Ra4+ 1-0

[Event "10th American Continental"]
[Site "Montevideo URU"]
[Date "2015.05.17"]
[Round "3.37"]
[White "Teixeira, Ricardo da Silva"]
[Black "Cimer, Emmanuel"]
[Result "1-0"]
[WhiteTitle "FM"]
[WhiteElo "2223"]
[BlackElo "1982"]
[WhiteFideId "2100126"]
[BlackFideId "137073"]
[EventDate "2015.05.15"]
[EventType "swiss"]

1. d4 Nf6 2. Nf3 g6 3. c4 Bg7 4. Nc3 O-O 5. e4 d6 6. Be2 Nbd7 7. O-O e5 8. Re1
a5 9. Bf1 exd4 10. Nxd4 Nc5 11. f3 c6 12. Nb3 a4 13. Nxc5 dxc5 14. Qc2 Qa5 15.
Bd2 Nd7 16. Rad1 Bd4+ 17. Kh1 Ne5 18. Nb5 Qd8 19. Nxd4 cxd4 20. Bb4 Re8 21. Bc5
d3 22. Bxd3 Qa5 23. Bd4 Nxd3 24. Qxd3 Be6 25. Qe3 Qh5 26. Qf4 f5 27. Qe5 Qh6 28.
Qh8+ Kf7 29. Qf6+ Kg8 30. exf5 Bxf5 31. Rxe8+ Rxe8 32. Bc3 Rf8 33. Qe7 b5 34. g4
b4 35. g5 1-0

[Event "10th American Continental"]
[Site "Montevideo URU"]
[Date "2015.05.17"]
[Round "3.38"]
[White "Fernandez, Maria Florencia"]
[Black "Monteiro, Artur Fernando"]
[Result "1-0"]
[WhiteTitle "WIM"]
[WhiteElo "2200"]
[BlackElo "1972"]
[WhiteFideId "116459"]
[BlackFideId "2108380"]
[EventDate "2015.05.15"]
[EventType "swiss"]

1. d4 Nf6 2. c4 g6 3. f3 Bg7 4. e4 O-O 5. Nc3 d6 6. Be3 e5 7. d5 Nh5 8. Qd2 Qh4+
9. Bf2 Qf4 10. Be3 Qh4+ 11. Kd1 Qe7 12. g4 Nf4 13. Nge2 Nxe2 14. Bxe2 Na6 15.
Kc2 Nb4+ 16. Kb3 a5 17. a3 Na6 18. Rag1 c6 19. Ka2 Nc5 20. h4 f6 21. h5 Kf7 22.
hxg6+ hxg6 23. Rh7 Rh8 24. Rxh8 Bxh8 25. Rd1 cxd5 26. Qxd5+ Be6 27. Qxd6 Rc8 28.
Qb6 Qc7 29. Rd6 Nd7 30. Qxc7 Rxc7 31. Nd5 Rc8 32. Nb6 Nxb6 33. Rxb6 Rc7 34. Rb5
Rxc4 35. Kb1 Rc7 36. Rxa5 Bg7 37. Ra7 Bf8 38. Bb6 Re7 39. Bb5 Bb3 40. Bd8 Re6
41. Rxb7+ Kg8 42. Bd7 Rd6 43. Rxb3 Rxd7 44. Bxf6 Bg7 45. Bxg7 Kxg7 46. a4 Kf6
47. Rb6+ Kg5 48. a5 Kf4 49. Rf6+ Kg5 50. Re6 Kf4 51. a6 Kxf3 52. Rxe5 Kxg4 53.
Ra5 Ra7 54. b4 Kf4 55. b5 g5 56. b6 Ra8 57. b7 Rb8 58. Rb5 1-0

[Event "10th American Continental"]
[Site "Montevideo URU"]
[Date "2015.05.17"]
[Round "3.39"]
[White "D Andrea, Leonardo"]
[Black "Caetano, Hugo Zanotti Mendonca"]
[Result "0-1"]
[WhiteElo "1984"]
[BlackElo "2199"]
[WhiteFideId "3005232"]
[BlackFideId "2119420"]
[EventDate "2015.05.15"]
[EventType "swiss"]

1. Nf3 d5 2. d4 e6 3. e3 c5 4. Bd3 Nc6 5. O-O Nf6 6. b3 Bd6 7. Bb2 O-O 8. Nbd2
Qe7 9. Ne5 Nd7 10. f4 g6 11. Rf3 cxd4 12. exd4 Nb4 13. Be2 f6 14. Nxd7 Bxd7 15.
c4 dxc4 16. bxc4 Bc6 17. Rf1 Rad8 18. a3 Na6 19. Qb3 Nc5 20. Qa2 Na4 21. g3 Bc7
22. Rad1 Nxb2 23. Qxb2 Rxd4 24. Rc1 Bb6 25. c5 Bxc5 26. Rxc5 Qxc5 27. Nb3 Rd2+
28. Nxc5 Rxb2 29. Re1 Bd5 30. Bg4 f5 31. Be2 Rc8 32. Nd3 Rd2 33. Nb4 Be4 34. Kf2
a5 35. Ke3 Rcd8 36. Nd3 R2xd3+ 0-1

[Event "10th American Continental"]
[Site "Montevideo URU"]
[Date "2015.05.17"]
[Round "3.40"]
[White "Sanhueza, Cristian"]
[Black "Acosta, Mariano USA"]
[Result "1-0"]
[WhiteElo "2195"]
[BlackElo "1967"]
[WhiteFideId "116815"]
[BlackFideId "2008629"]
[EventDate "2015.05.15"]
[EventType "swiss"]

1. e4 g6 2. d4 Bg7 3. Nc3 d6 4. g3 Nd7 5. Bg2 e5 6. Nge2 Ngf6 7. O-O O-O 8. h3
Re8 9. Re1 c6 10. a4 a5 11. b3 exd4 12. Nxd4 Nc5 13. Ba3 Qb6 14. Bb2 Bd7 15. Qd2
Rad8 16. Rad1 Bc8 17. Kh2 Ne6 18. Nxe6 fxe6 19. Qe3 Qc7 20. e5 dxe5 21. Ne4 Nd5
22. Qg5 Rf8 23. h4 Nb4 24. Rxd8 Qxd8 25. Re2 Nd5 26. Qxd8 Rxd8 27. Rd2 Rf8 28.
Nd6 e4 29. Bxg7 Kxg7 30. Nxe4 e5 31. Nd6 Nf6 32. Nc4 e4 33. Nxa5 e3 34. fxe3
Ng4+ 35. Kg1 Nxe3 36. Re2 Nf5 37. Kh2 Rf7 38. Re8 Rc7 39. Nc4 b5 40. Nb6 bxa4
41. Nxc8 a3 42. Nb6 Re7 43. Ra8 Re2 44. Nc4 Nd4 45. Rxa3 Rxc2 46. g4 g5 47. Ra7+
Kf6 48. hxg5+ Kxg5 49. Rxh7 Nxb3 50. Ne3 Rc3 51. Re7 Nd4 52. Kg3 c5 53. Bd5 Kf6
54. Re8 Ra3 55. Bc4 Ra4 56. Kf4 Ne2+ 57. Kf3 Nd4+ 58. Ke4 Nc2 59. Kd5 Nxe3+ 60.
Rxe3 Kg5 61. Re4 Ra5 62. Kd6 Kh4 63. Be6 Kg5 64. Re5+ Kf6 65. Rf5+ Kg6 66. Rxc5
Ra6+ 67. Ke5 Ra1 68. Kd6 Ra6+ 69. Ke7 Ra7+ 70. Bd7 Rb7 71. Rf5 Rb4 72. Be8+ Kg7
73. Rg5+ Kh6 74. Rg6+ Kh7 75. Kf8 Rb8 76. Rg5 Rb6 77. Rh5+ 1-0

[Event "10th American Continental"]
[Site "Montevideo URU"]
[Date "2015.05.17"]
[Round "3.41"]
[White "Dornelles, Marcio Neron Camargo"]
[Black "Sanchez Sandoval, Gonzalo"]
[Result "0-1"]
[WhiteElo "1980"]
[BlackElo "2187"]
[WhiteFideId "2146673"]
[BlackFideId "3414167"]
[EventDate "2015.05.15"]
[EventType "swiss"]

1. e4 c5 2. Nf3 d6 3. Bb5+ Bd7 4. Bxd7+ Nxd7 5. O-O Ngf6 6. Re1 e6 7. b3 Be7 8.
Bb2 O-O 9. c4 a6 10. d4 cxd4 11. Qxd4 b5 12. cxb5 axb5 13. Nc3 Qb8 14. Rad1 Rc8
15. e5 Nxe5 16. Nxe5 dxe5 17. Rxe5 b4 18. Rb5 bxc3 19. Rxb8 Raxb8 20. Qe5 cxb2
21. Qxb2 Nd5 22. g3 Bf6 23. Qd2 Nc3 24. Re1 Rd8 25. Qc2 Rd5 26. Re3 Rbd8 27. Kg2
Rd2 28. Qc1 Nd1 29. Rf3 h5 30. h4 Rxa2 31. Qc5 Rdd2 32. Qxh5 Nxf2 33. Qb5 Nd3+
34. Kg1 Ra1+ 0-1

[Event "10th American Continental"]
[Site "Montevideo URU"]
[Date "2015.05.17"]
[Round "3.42"]
[White "Arcos Facio, Mateo"]
[Black "Diaz, Maria M.A."]
[Result "1-0"]
[WhiteTitle "FM"]
[BlackTitle "WFM"]
[WhiteElo "2184"]
[BlackElo "1963"]
[WhiteFideId "3001199"]
[BlackFideId "7500114"]
[EventDate "2015.05.15"]
[EventType "swiss"]

1. e4 d6 2. d4 Nf6 3. Nc3 g6 4. f4 Bg7 5. Nf3 c5 6. d5 O-O 7. Bd3 Na6 8. O-O Nc7
9. Qe1 a6 10. a4 Rb8 11. a5 Re8 12. Qh4 e6 13. dxe6 Nxe6 14. f5 Nf8 15. Bg5 gxf5
16. exf5 c4 17. Bxc4 Bxf5 18. Nd4 Ng6 19. Qf2 Qc8 20. Qxf5 Re5 21. Qxc8+ Rxc8
22. Bxf6 Bxf6 23. Rxf6 Rxc4 24. Rxd6 Rb4 25. b3 Nf4 26. Kf1 1-0

[Event "10th American Continental"]
[Site "Montevideo URU"]
[Date "2015.05.17"]
[Round "3.43"]
[White "Ruggiero, Alvaro"]
[Black "Madeira, Wagner Martins"]
[Result "0-1"]
[WhiteTitle "CM"]
[BlackTitle "FM"]
[WhiteElo "1967"]
[BlackElo "2179"]
[WhiteFideId "3001504"]
[BlackFideId "2100797"]
[EventDate "2015.05.15"]
[EventType "swiss"]

1. e4 d5 2. exd5 Nf6 3. d4 Nxd5 4. Nf3 Bf5 5. Bc4 e6 6. c3 Be7 7. O-O O-O 8. Bd3
Bxd3 9. Qxd3 c5 10. dxc5 Bxc5 11. Nbd2 Nf6 12. Qxd8 Rxd8 13. Nb3 Bb6 14. Bg5
Nbd7 15. Rad1 h6 16. Bh4 g5 17. Bg3 Ne4 18. Nfd2 Nxg3 19. hxg3 Ne5 20. Ne4 Nd3
21. Rb1 f5 22. Ned2 Rac8 23. Nf3 e5 24. Ne1 Nc5 25. Nxc5 Rxc5 26. Nc2 f4 27.
gxf4 gxf4 28. Na1 Ra5 29. a3 e4 30. Rbe1 e3 31. fxe3 Bxe3+ 32. Rxe3 fxe3 33. Nc2
e2 34. Re1 Rd2 35. Ne3 Rc5 36. Kf2 Rxb2 37. c4 Ra5 38. Rh1 Rxa3 39. Nf5 e1=Q+ 0-1

[Event "10th American Continental"]
[Site "Montevideo URU"]
[Date "2015.05.17"]
[Round "3.44"]
[White "Zimmermann, Kleber Renato P."]
[Black "Carvalho, Herbert Abreu"]
[Result "0-1"]
[WhiteTitle "CM"]
[WhiteElo "1966"]
[BlackElo "2157"]
[WhiteFideId "2150050"]
[BlackFideId "2100541"]
[EventDate "2015.05.15"]
[EventType "swiss"]

1. d4 Nf6 2. c4 c6 3. Nc3 d5 4. Nf3 g6 5. e3 Bg7 6. Be2 O-O 7. O-O dxc4 8. Bxc4
b5 9. Bd3 a6 10. h3 Nbd7 11. e4 Nb6 12. Be3 Bb7 13. Qc2 Nfd7 14. Rfd1 Rc8 15.
Qb3 Qc7 16. Rac1 Qb8 17. a4 e6 18. a5 Na8 19. Ng5 c5 20. dxc5 Nxc5 21. Bxc5 Rxc5
22. Nf3 Rfc8 23. Ne2 Rxc1 24. Nxc1 Nc7 25. Bb1 Ne8 26. Ne2 Nd6 27. Qb4 Bf8 28.
Qd4 Nc4 29. Qf6 Bg7 30. Qh4 h6 31. Rd7 Bc6 32. Rd1 g5 33. Qh5 Rd8 34. Rc1 Qb7
35. Ng3 Nd2 36. Nxd2 Rxd2 37. Qg4 Bxb2 38. Rf1 Bd4 39. h4 Qe7 40. e5 Bxe5 41.
Qh5 Qf6 42. Ne4 Bxe4 43. Bxe4 Qf4 0-1

[Event "10th American Continental"]
[Site "Montevideo URU"]
[Date "2015.05.17"]
[Round "3.45"]
[White "Markzon, Gregory"]
[Black "Ibanez, Marcelo"]
[Result "1-0"]
[WhiteTitle "FM"]
[WhiteElo "2156"]
[BlackElo "1963"]
[WhiteFideId "2003694"]
[BlackFideId "3002691"]
[EventDate "2015.05.15"]
[EventType "swiss"]

1. d4 d5 2. c4 c6 3. Nc3 Nf6 4. e3 Bf5 5. cxd5 cxd5 6. Qb3 Nc6 7. Qxb7 Bd7 8.
Qb3 e6 9. Nf3 Rb8 10. Qd1 Bb4 11. Bd2 Ba5 12. Rb1 Ne4 13. Be2 O-O 14. O-O f5 15.
a3 Bxc3 16. Bxc3 Rf6 17. Be1 g5 18. Nd2 f4 19. Nxe4 dxe4 20. d5 Ne7 21. Bc3 Rh6
22. Qd4 Qf8 23. dxe6 Bxe6 24. Qxe4 Rc8 25. Qe5 Ng6 26. Qxe6+ 1-0

[Event "10th American Continental"]
[Site "Montevideo URU"]
[Date "2015.05.17"]
[Round "3.46"]
[White "Pereira, Henry Alberto"]
[Black "Guerrero, Alvaro"]
[Result "0-1"]
[WhiteElo "1955"]
[BlackElo "2156"]
[WhiteFideId "4433270"]
[BlackFideId "3000478"]
[EventDate "2015.05.15"]
[EventType "swiss"]

1. b3 Nf6 2. Bb2 g6 3. e4 d6 4. f4 Bg7 5. Nf3 O-O 6. d3 e5 7. fxe5 Ng4 8. Na3
Nxe5 9. Nxe5 dxe5 10. Qe2 Nc6 11. O-O-O a5 12. c3 Be6 13. Kb1 Qd7 14. h3 Rab8
15. Qe3 b5 16. d4 b4 17. d5 bxa3 18. Bxa3 a4 19. b4 Ne7 20. Bc4 Bf5 21. g4 Bxe4+
22. Qxe4 Nc8 23. Be2 Nd6 24. Qe3 f5 25. gxf5 Qxf5+ 26. Kc1 e4 27. Bg4 Qe5 28.
Qd4 Qg3 29. Be6+ Kh8 30. Qc5 Nb5 31. Bb2 a3 32. Rhg1 axb2+ 33. Kxb2 Qh2+ 0-1